Statystyki dla Transfery West Hamu w letnim okienku transferowym 2021/22.

Kliknij tutaj aby rozwiązać quiz!

Ogólne statystyki

  • Ten quiz został rozwiązany 26 razy
    (25 od ostatniego zresetowania)
  • Średni wynik to 4 z 5

Statystyki odpowiedzi

CenaPozycjaNarodowośćPoprzedni KlubPiłkarz% Poprawnych
35,00 mlnŚrodkowy obrońcaFrancjaChelseaZouma
100%
30,00 mlnOfensywny pomocnikChorwacjaCSKA MoskwaVlasic
90%
WypożyczenieBramkarzFrancjaPSGAreola
86%
WypożyczenieDefensywny pomocnikCzechySpartak MoskwaKral
67%
2,30 mlnŚrodkowy obrońcaAngliaWatfordDawson
57%

Rozkład punktacji

Percentyl według liczby udzielonych odpowiedzi

Procent ludzi z każdym wynikiem

Twoja historia wyników

Nie rozwiązałeś tego quizu od ostatniego zresetowania